| 000 | 01395nam a2200349 a 4500 | ||
|---|---|---|---|
| 001 | ebr10471839 | ||
| 003 | CaPaEBR | ||
| 006 | m u | ||
| 007 | cr cn||||||||| | ||
| 008 | 110609s1997 vauad sb 000 0 eng d | ||
| 020 | _z9781416613466 (e-book) | ||
| 040 |
_aCaPaEBR _cCaPaEBR |
||
| 035 | _a(OCoLC)732959272 | ||
| 050 | 1 | 4 |
_aHF5549.5.T7 _bM37 1997eb |
| 100 | 1 | _aMarzano, Robert J. | |
| 245 | 1 | 0 |
_aDimensions of learning trainer's manual _h[electronic resource] / _cRobert J. Marzano and Debra J. Pickering with Daisy E. Arredondo ... [et. al.]. |
| 250 | _a2nd ed. | ||
| 260 |
_aAlexandria, Va. : _bASCD ; _aDenver, Colo. : _bMREL, _cc1997. |
||
| 300 |
_a1 v. (various pagings) : _bill. |
||
| 504 | _aIncludes bibliographical references. | ||
| 533 |
_aElectronic reproduction. _bPalo Alto, Calif. : _cebrary, _d2011. _nAvailable via World Wide Web. _nAccess may be limited to ebrary affiliated libraries. |
||
| 650 | 0 | _aTraining manuals. | |
| 650 | 0 | _aHigh school teaching. | |
| 650 | 0 | _aMiddle school teaching. | |
| 650 | 0 | _aJunior high school teaching. | |
| 650 | 0 | _aElementary school teaching. | |
| 655 | 7 |
_aElectronic books. _2local |
|
| 700 | 1 | _aPickering, Debra. | |
| 700 | 1 | _aArredondo, Daisy E. | |
| 710 | 2 | _aebrary, Inc. | |
| 856 | 4 | 0 |
_uhttp://site.ebrary.com/lib/rucke/Doc?id=10471839 _zAn electronic book accessible through the World Wide Web; click to view |
| 999 |
_c219659 _d219659 |
||